00441nam a22001577a 450000500170000000800410001702000180005804100080007608200140008410000180009824500250011626000280014130000190016965000500018870000450023820260513151602.0260513b |||||||| |||| 00| 0 eng d a9781526426628 aEng a311.2 ARI aAriel, Barak  aExperimental Designs aLos Angels bSagec2021 a224;. P. 23 cm aScience--Experiments; Mathematical statistics aBland, Matthew P. and Sutherland, Alex